Statistiques concernant Villes d'Europe par dessins #2

Cliquez ici pour prendre le quiz!

Statistiques générales

  • Ce quiz a été pris 22 fois
  • Le résultat moyen est 5 sur 20

Statistiques - réponses

Réponse% Correct
Milan
90%
Paris
85%
Londres
75%
Rome
65%
Oslo
45%
Lille
35%
Cheverny
15%
Nice
15%
Amboise
10%
Dublin
10%
Palerme
10%
Versailles
10%
Catane
5%
Ferrare
5%
La Haye
5%
Vincennes
5%
Blois
0%
Carnac
0%
Quimper
0%
Tournai
0%

Distribution des résultats

Percentile par nombre de réponses

% des personnes avec chaque résultat

Votre développement - résultats

Vous n’avez pas pris ce quiz